|
|
|
|
| LEADER |
01823nam a2200409 i 4500 |
| 001 |
EBC7080162 |
| 003 |
MiAaPQ |
| 005 |
20230117143418.0 |
| 006 |
m o d | |
| 007 |
cr cnu|||||||| |
| 008 |
230117s2023 nyu o 000 0 eng d |
| 020 |
|
|
|z 9781032289892
|q (print)
|
| 020 |
|
|
|a 9781000730746
|q (electronic bk.)
|
| 035 |
|
|
|a (MiAaPQ)EBC7080162
|
| 035 |
|
|
|a (Au-PeEL)EBL7080162
|
| 035 |
|
|
|a (OCoLC)1344158149
|
| 040 |
|
|
|a MiAaPQ
|b eng
|e rda
|e pn
|c MiAaPQ
|d MiAaPQ
|
| 050 |
|
4 |
|a HF5549.5.M5
|b .D584 2023
|
| 082 |
0 |
|
|a 658.3008
|2 23
|
| 245 |
0 |
0 |
|a Diversity and inclusion in Japan :
|b issues in business and higher education /
|c Lailani Alcantara and Yoshiki Shinohara, editors.
|
| 264 |
|
1 |
|a Abingdon, Oxon ;
|a New York, New York :
|b Routledge,
|c [2023]
|
| 264 |
|
4 |
|c Ã2023
|
| 300 |
|
|
|a 1 online resource (242 pages).
|
| 336 |
|
|
|a text
|b txt
|2 rdacontent
|
| 337 |
|
|
|a computer
|b c
|2 rdamedia
|
| 338 |
|
|
|a online resource
|b cr
|2 rdacarrier
|
| 490 |
1 |
|
|a Routledge Studies on the Asia-Pacific Region
|
| 588 |
|
|
|a Description based on print version record.
|
| 590 |
|
|
|a Electronic reproduction. Ann Arbor, MI : ProQuest, 2018. Available via World Wide Web. Access may be limited to ProQuest affiliated libraries.
|
| 650 |
|
0 |
|a Diversity in the workplace.
|
| 655 |
|
4 |
|a Electronic books.
|
| 700 |
1 |
|
|a Alcantara, Lailani,
|e editor.
|
| 700 |
1 |
|
|a Shinohara, Yoshiki,
|e editor.
|
| 776 |
0 |
8 |
|i Print version:
|t Diversity and inclusion in Japan : issues in business and higher education.
|d Abingdon, Oxon ; New York, New York : Routledge, c2023
|h 242 pages
|k Routledge studies on the Asia-Pacific region.
|z 9781032289892
|
| 797 |
2 |
|
|a ProQuest (Firm)
|
| 830 |
|
0 |
|a Routledge studies on the Asia-Pacific region.
|
| 856 |
4 |
0 |
|u https://ebookcentral.proquest.com/lib/matrademy/detail.action?docID=7080162
|z Click to View
|